000 00345nam a22001097a 4500
082 _a891.433/DAV/N
100 _aदेवी,महाश्‍वेता
_976195
245 _aजकडन
260 _aनई दिल्‍ली
_bकिताब घर प्रकाशन
_c2011
650 _aउपन्‍यास
942 _cHIN
999 _c68372
_d68372